Petit Atlas historique du XXe siècle (notice n° 1554280)
[ vue normale ]
| 000 -LEADER | |
|---|---|
| fixed length control field | 01421cam a2200277zu 4500 |
| 003 - CONTROL NUMBER IDENTIFIER | |
| control field | FRCYB88921603 |
| 005 - DATE AND TIME OF LATEST TRANSACTION | |
| control field | 20251020123445.0 |
| 008 - FIXED-LENGTH DATA ELEMENTS--GENERAL INFORMATION | |
| fixed length control field | 251020s2016 fr | o|||||0|0|||fre d |
| 020 ## - INTERNATIONAL STANDARD BOOK NUMBER | |
| International Standard Book Number | 9782200614645 |
| 035 ## - SYSTEM CONTROL NUMBER | |
| System control number | FRCYB88921603 |
| 040 ## - CATALOGING SOURCE | |
| Original cataloging agency | FR-PaCSA |
| Language of cataloging | fr |
| Transcribing agency | |
| Description conventions | rda |
| 100 1# - MAIN ENTRY--PERSONAL NAME | |
| Personal name | Nouschi, Marc |
| 245 01 - TITLE STATEMENT | |
| Title | Petit Atlas historique du XXe siècle |
| Statement of responsibility, etc. | ['Nouschi, Marc'] |
| 264 #1 - PRODUCTION, PUBLICATION, DISTRIBUTION, MANUFACTURE, AND COPYRIGHT NOTICE | |
| Name of producer, publisher, distributor, manufacturer | Armand Colin |
| Date of production, publication, distribution, manufacture, or copyright notice | 2016 |
| 300 ## - PHYSICAL DESCRIPTION | |
| Extent | p. |
| 336 ## - CONTENT TYPE | |
| Content type code | txt |
| Source | rdacontent |
| 337 ## - MEDIA TYPE | |
| Media type code | c |
| Source | rdamdedia |
| 338 ## - CARRIER TYPE | |
| Carrier type code | c |
| Source | rdacarrier |
| 520 ## - SUMMARY, ETC. | |
| Summary, etc. | Plus que jamais, il est nécessaire de connaître le XXe siècle pour comprendre notre présent. Cet ouvrage, devenu un classique, propose en 47 fiches le panorama complet du monde depuis la veille de la Grande Guerre et jusqu'à l'entrée dans le IIIe millénaire. Il offre une vision globale exceptionnelle, qui croise les problématiques et les événements, les mécanismes politiques autant que culturels et économiques. La très riche cartographie de l'ouvrage permet de saisir aisément les rapports conflictuels ou pacifiques entre les acteurs étatiques et d'analyser les dynamiques d'intégration et d'exclusion qui marquent ce siècle. |
| 650 #0 - SUBJECT ADDED ENTRY--TOPICAL TERM | |
| Topical term or geographic name entry element | |
| 700 0# - ADDED ENTRY--PERSONAL NAME | |
| Personal name | Nouschi, Marc |
| 856 40 - ELECTRONIC LOCATION AND ACCESS | |
| Access method | Cyberlibris |
| Uniform Resource Identifier | <a href="https://international.scholarvox.com/netsen/book/88921603">https://international.scholarvox.com/netsen/book/88921603</a> |
| Electronic format type | text/html |
| Host name | |
Pas d'exemplaire disponible.




Réseaux sociaux